| 000 | 00845cam a22002532 4500 | ||
|---|---|---|---|
| 001 | 0000023582 | ||
| 005 | 20151217145942.0 | ||
| 008 | 130301s xx 000 0 eng d | ||
| 020 | _a1841138121 : | ||
| 040 |
_aKABU _cKABU |
||
| 100 | 1 |
_aSpencer, J. R. _@0000183057 |
|
| 245 | 1 | 0 |
_aHearsay evidence in criminal proceedings / _cJ. R. Spencer. |
| 250 | _a1st ed. | ||
| 260 |
_aOxford : _bHart Publishing, _c2008. |
||
| 300 | _axxxiii, 340 p. | ||
| 650 | 0 |
_aEvidence, Hearsay _zEngand. _@0000183058 |
|
| 650 | 0 |
_aEvidence, Criminal _zEngand. _@0000183059 |
|
| 650 | 0 |
_aEvidence, Hearsay _zWales. _@0000183060 |
|
| 650 | 0 |
_aEvidence, Criminal. _zWales. _@0000183061 |
|
| 852 | 1 | _9p4930 KES | |
| 852 | 1 | _9p4495 KES | |
| 908 | _a130301 | ||
| 950 | _@1 | ||
| 999 |
_c4388 _d4388 |
||